00465nam a22001577a 4500010001400000020003000014035001700044035001300061037002100074082000600095100001800101245006600119260003300185270006800218300002100286 a1617CH-EN a9780141363936c599.00 pbk aB-645693-714 aB-666180 aDPLbPragati/ven aS aRiordan, Rick aThe trials of apollo : cby Rick Riodanbthe hidden oracle /  aGurgaonbPuffin Books c2016 a7th Floor, Infinity Tower C, DLF Cyber City, bGurgaon e122002 a417p.c24cm(pbk)